Catálogo
 En Linea

Historia del pueblo dominicano / (Registro nro. 59353)

Detalles MARC
000 -CABECERA
campo de control de longitud fija 02648nam a2200265 i 4500
003 - IDENTIFICADOR DEL NÚMERO DE CONTROL
campo de control DO-SdBNP
005 - FECHA Y HORA DE LA ÚLTIMA TRANSACCIÓN
campo de control 20250620144824.0
007 - CAMPO FIJO DE DESCRIPCIÓN FÍSICA--INFORMACIÓN GENERAL
campo de control de longitud fija ta
008 - DATOS DE LONGITUD FIJA--INFORMACIÓN GENERAL
campo de control de longitud fija 250620b1993 dr abc|| |||| 00| 0 spa d
040 ## - FUENTE DE LA CATALOGACIÓN
Centro catalogador/agencia de origen DO-SdBNP
Lengua de catalogación spa
Centro/agencia transcriptor BNPHU
Normas de descripción rda
041 ## - CÓDIGO DE LENGUA
Código de lengua del texto/banda sonora o título independiente spa
082 #4 - NÚMERO DE LA CLASIFICACIÓN DECIMAL DEWEY
Número de clasificación xxx
Número de documento/Ítem F825h, 1993
Número de edición 22
100 1# - ENTRADA PRINCIPAL--NOMBRE DE PERSONA
Nombre de persona Franco, Franklin J.,
Fechas asociadas al nombre 1936-
Término indicativo de función/relación autor
Código de función/relación aut.
9 (RLIN) 34417
245 10 - MENCIÓN DE TÍTULO
Título Historia del pueblo dominicano /
Mención de responsabilidad, etc. Franklin Franco Pichardo.
250 ## - MENCIÓN DE EDICIÓN
Mención de edición Segunda edición
264 #1 - PRODUCCIÓN, PUBLICACIÓN, DISTRIBUCIÓN, FABRICACIÓN Y COPYRIGHT
Producción, publicación, distribución, fabricación y copyright Santo Domingo :
Nombre del de productor, editor, distribuidor, fabricante Universitaria- UASD,
Fecha de producción, publicación, distribución, fabricación o copyright 2006.
300 ## - DESCRIPCIÓN FÍSICA
Extensión xxxiv, 659 páginas :
Otras características físicas ilustraciones, mapas, retratos ;
Dimensiones 26 cm.
336 ## - TIPO DE CONTENIDO
Término de tipo de contenido texto
Código de tipo de contenido txt
Fuente rdacontent
337 ## - TIPO DE MEDIO
Nombre/término del tipo de medio sin mediación
Código del tipo de medio n
Fuente rdamedia
338 ## - TIPO DE SOPORTE
Nombre/término del tipo de soporte volumen
Código del tipo de soporte nc
Fuente rdacarrier
505 0# - NOTA DE CONTENIDO CON FORMATO
Nota de contenido con formato Precedentes del encuentro --
Título Del proyecto de Colón a las capitulaciones de Santa Fe --
-- El encuentro de dos mundos --
-- La conquista de la isla española --
-- Se inicia desgracia de Colón --
-- Gobierno del Virrey Diego Colón --
-- Gobierno de los padres Jerónimos --
-- Los problemas religiosos, económicos y políticos de la esclavitud y la encomienda de los aborigenes --
-- Regresa al gobierno Diego Colón --
-- Esclavitud y azucar --
-- Gobierno del Obispo Ramírez de Fuenleal --
-- Leyes nuevas desatan conflictos. Corsarios inician ataques --
-- El decaimiento económico y social en el Siglo XVII --
-- Nueva guerra entre España e Inglaterra desata el corso y la piratería a principios del Siglo XVIII --
-- La situación económica, social y política de la colonia francesa --
-- Los conflictos derivados del Tratado de Basilea --
-- Consecuencias políticas, sociales y económicas derivadas de la unificación de la isla --
-- Del período de la España Boba --
-- Período de integración con Haití --
-- Duarte y las luchas sociales y políticas por la independencia nacional --
-- La situación económica y social: 1844-1850 --
-- Lucha entre Pedro Santana y Buenaventura Báez. La anexión --
-- Hacia la guerra de la restauración --
-- Se inicia la Segunda República --
-- Los gobiernos liberales del partido azul y la situacin económica y social -- Hacia la consolidación de la hegemonía norteamericana --
-- El regimen dictatorial de Cáceres --
-- De la monarquía a la intervencin militar norteamericana --
-- La intervención militar americana --
-- Gobierno de Horacio Vásquez --
-- La era de Trujillo --
-- Trujillo y las empresas azucareras --
-- Se inicia la crisis de la dictadura --
-- La invasión del 14 de junio y sus consecuencias --
-- Gobierno del consejo de Estado --
-- El gobierno del profesor Juan Bosch --
-- El triunvirato.
651 #4 - PUNTO DE ACCESO ADICIONAL DE MATERIA--NOMBRE GEOGRÁFICO
Nombre geográfico República Dominicana
Subdivisión general Historia
9 (RLIN) 170
910 ## - DATOS DE OPCIÓN DEL USUARIO (OCLC)
Datos de opción del usuario Btavárez
942 ## - ELEMENTOS DE PUNTO DE ACCESO ADICIONAL (KOHA)
Fuente del sistema de clasificación o colocación Dewey Decimal Classification
Tipo de ítem Koha Libro
Existencias
Estado de retiro Estado de pérdida Fuente del sistema de clasificación o colocación Restricciones de uso No para préstamo Código de colección Localización permanente Ubicación/localización actual Ubicación en estantería Fecha de adquisición Fuente de adquisición Total de préstamos Signatura topográfica completa Código de barras Fecha visto por última vez Precio válido a partir de Tipo de ítem Koha
    Dewey Decimal Classification Excluido de préstamo   Patrimonio Dominicano Biblioteca Nacional Pedro Henríquez Ureña Biblioteca Nacional Pedro Henríquez Ureña En catalogación 20.06.2025 Donada por Ana Teresa Pérez   BNPHU PD F825h, 1993 2025-5431 20.06.2025 20.06.2025 Libro

Con tecnología Koha